A complet self study guide for bank clerk / (Record no. 41985)

MARC details
000 -LEADER
fixed length control field 00615nam a22002057a 4500
005 - DATE AND TIME OF LATEST TRANSACTION
control field 20100814095637.0
010 ## - LCCN (DPL NO)
LC control number ENG-100447
020 ## - INTERNATIONAL STANDARD BOOK NUMBER
Terms of availability 165.00
International Standard Book Number 9788183483636
035 ## - SYSTEM CONTROL NUMBER
System control number EN-83980
037 ## - SOURCE OF ACQUISITION
Stock number DBAD/PUB
082 ## - DEWEY DECIMAL CLASSIFICATION NUMBER
Classification number 000
245 ## - TITLE STATEMENT
Title A complet self study guide for bank clerk /
260 ## - PUBLICATION, DISTRIBUTION, ETC. (IMPRINT)
Place of publication, distribution, etc Meerut
Name of publisher, distributor, etc Arihant Publications
Date of publication, distribution, etc 2009
270 ## - ADDRESS
Address Kalindi, TP Nagar
City Meerut
300 ## - PHYSICAL DESCRIPTION
Extent various pegings
Dimensions 22cm (Pbk)
700 ## - ADDED ENTRY--PERSONAL NAME
9 (RLIN) 12834
700 ## - ADDED ENTRY--PERSONAL NAME
9 (RLIN) 13135
942 ## - ADDED ENTRY ELEMENTS (KOHA)
Source of classification or shelving scheme Dewey Decimal Classification
Item type English Books
Classification part 000
Call number suffix ACO
Holdings
Withdrawn status Lost status Not for loan Collection code Home library Current library Date acquired Cost, normal purchase price Full call number Barcode Copy number Cost, replacement price Koha item type
    Not For Loan Non-fiction D.B.Act.Division D.B.Act.Division 14/08/2010 165.00 000 ACO EN-83980 1 165.00 English Books

© Delhi Public Library
Hit Counter
free hit counter